Entry Personal Name
Number of records used in: 1
001 - CONTROL NUMBER
003 - CONTROL NUMBER IDENTIFIER
005 - DATE AND TIME OF LATEST TRANSACTION
- control field:
20231202131605.0
008 - FIXED-LENGTH DATA ELEMENTS
- fixed length control field:
060928n| azannaabn |a aaa
010 ## - LIBRARY OF CONGRESS CONTROL NUMBER
- LC control number:
n 2006215721
035 ## - SYSTEM CONTROL NUMBER
- System control number:
(OCoLC)oca07065759
040 ## - CATALOGING SOURCE
- Original cataloging agency:
DLC
- Language of cataloging:
eng
- Description conventions:
rda
- Transcribing agency:
DLC
- Modifying agency:
NcD
046 ## - SPECIAL CODED DATES
- Birth date:
1967
- Source of date scheme:
edtf
100 1# - HEADING--PERSONAL NAME
- Personal name:
Banerjee, Prathama
400 0# - SEE FROM TRACING--PERSONAL NAME
- Personal name:
Prathama Banerjee
670 ## - SOURCE DATA FOUND
- Source citation:
Banerjee, Prathama. Politics of time, 2006:
- Information found:
title page(Prathama Banerjee) jacket (teaches hist. at Miranda House, U. of Delhi)
670 ## - SOURCE DATA FOUND
- Source citation:
Banerjee, Prathama. Elementary aspects of the political, 2020:
- Information found:
ECIP title page (Prathama Banerjee) ECIP author data (Prathama Banerjee; birth date 1967)